• 首页
  • 本馆介绍
  • 公告通知
  • 最新文献
  • 馆藏检索
  • 电子资源
  • 读者导购
  • 参考咨询
  • 我的图书馆
  • 登录
  • 详细信息显示
  • 放入我的书架
  • 预约/预借图书
  • 作者相关作品
  • 分类相关作品
  • 丛书相关作品
  • 出版社相关作品

书目信息

  • 表格格式
  • 工作单格式
  • 卡片格式
题名:
律吕阐微
    
 
作者: 江永 撰
分册: 下  
出版信息: 北京   中国书店  2018.08
页数: 276页
开本: 27cm
丛书名: 四库全书
单 册:
中图分类: J612.1
科图分类:
主题词: 律吕--研究--中国--清代
电子资源:
ISBN: 978-7-5149-2033-8
000 01002oam2 2200277 450
001 0120182528326
005 20181024094322.76
010    @a978-7-5149-2033-8@dCNY64.00,CNY128.00(全2册)
100    @a20180806d2018 em y0chiy50 ea
101 0  @achi
102    @aCN@b110000
105    @ay z 000yy
106    @ar
200 1  @a律吕阐微@9lu^ lu^ chan wei@h下@f(清)江永撰
210    @a北京@c中国书店@d2018.08
215    @a276页@d27cm
225 2  @a四库全书@i乐类
308    @a封面丛书名题:钦定四库全书
330    @a《律吕阐微》十卷,国朝江永撰。是书引圣祖仁皇帝论乐五条为《皇言定声》一卷,冠全书之首。御制《律吕正义》五卷。永实未之见,故於西人五线、六名、八形号、三迟速,多不能解。其作书大旨,则以明郑世子载堉为宗。惟方圆周径用密率起算,则与之微异。
333    @a艺术研究人员
462  0 @12001 @a四库全书@i乐类
606 0  @a律吕@x研究@y中国@z清代
690    @aJ612.1@v5
701  0 @c(清)@a江永@9jiang yong@4撰
801  0 @aCN@b人天书店@c20180806
905    @b1095767-69@dJ612.1@e974:2@f3
    
    律吕阐微.下/(清)江永撰.-北京:中国书店,2018.08
    276页;27cm.-(四库全书.乐类)
    使用对象:艺术研究人员
    
    ISBN 978-7-5149-2033-8:CNY64.00,CNY128.00(全2册)
    《律吕阐微》十卷,国朝江永撰。是书引圣祖仁皇帝论乐五条为《皇言定声》一卷,冠全书之首。御制《律吕正义》五卷。永实未之见,故於西人五线、六名、八形号、三迟速,多不能解。其作书大旨,则以明郑世子载堉为宗。惟方圆周径用密率起算,则与之微异。
●
相关链接 在E读中查询图书 在五车中查询图书 在当当中查询图书 在豆瓣中查询图书


正题名:律吕阐微     索取号:J612.1/974:2         预约/预借

序号 登录号 条形码 馆藏地/架位号 状态 备注
1 1095767   210957678   第一样本阅览室/ [索取号:J612.1/974:2] 在馆    
2 1095768   210957687   教育系资料室/ [索取号:J612.1/974:2] 在馆    
3 1095769   210957696   第一借阅区/ [索取号:J612.1/974:2] 在馆    
唐山师范学院图书馆 欢迎您!
大连网信软件有限公司© 版权所有